000 00478cam a2200145 4500500
005 20260315004959.0
041 _afre
042 _adc
100 1 0 _aPayen, Pascal
_eauthor
245 0 0 _aLe triste sort des femmes captives
260 _c2019.
500 _a62
786 0 _nL'Histoire - Les Collections | 82 | 1 | 2019-01-10 | p. 64-64 | 2727-6945
856 4 1 _uhttps://shs.cairn.info/magazine-hist-l-hisoire-les-collections-2019-1-page-64?lang=fr&redirect-ssocas=7080
999 _c1700407
_d1700407